Santalka. Filosofija, komunikacija

Bibliographic Details
Previous Title:Santalka
Corporate Author: Vilniaus Gedimino technikos universitetas
Format: Electronic Journal
Language:Lithuanian
English
Published: Vilnius : Vilniaus Gedimino technikos universitetas, 2011-
Subjects:
Online Access:Full text available from Research Library: 01/01/2006 to 01/31/2017

MARC

LEADER 00000nas a2200000 i 4500
001 ssj0001077900
003 WaSeSS
005 20200512172242.0
006 m d
007 cr n
008 120501c20119999li fr p s 0 0lit c
010 |a  2018252738 
022 |a 2029-6339  |l 2029-6320 
035 |a (WaSeSS)ssj0001077900 
040 |a LUN  |b eng  |e pn  |c LUN  |d AUD  |d OCLCO  |d OCLCF  |d OCLCO  |d OCLCQ  |d UAB  |d VT2  |d ZAC  |d OCLCQ  |d UOK  |d WAU  |d CUS  |d AU@  |d OCLCO  |d OCL  |d WaSeSS 
041 0 |a lit  |a eng 
042 |a pcc 
050 1 4 |a B8 
082 1 4 |a [E] 
210 0 |a Santalka: filos. komun.  |b (Online) 
222 0 |a Santalka: filosofija, komunikacija  |b (Online) 
245 0 0 |a Santalka.  |p Filosofija, komunikacija  |h [electronic resource]. 
246 1 1 |a Coactivity.  |p Philosophy, communication 
246 3 |a Filosofija, komunikacija 
246 3 |a Philosophy, communication 
260 |a Vilnius :  |b Vilniaus Gedimino technikos universitetas,  |c 2011- 
310 |a Semiannual 
362 1 |a Began with: T. 19, nr. 1 (2011). 
506 |a License restrictions may limit access. 
546 |a In Lithuanian and English. 
588 |a Description based on: T. 19, nr. 1 (2011); title from article PDF (publisher's website, viewed July 20, 2018). 
588 |a Latest issue consulted: Vol. 25, no. 1 (2017) (publisher's website, viewed July 20, 2018). 
650 0 |a Philosophy  |v Periodicals. 
650 0 |a Communication  |v Periodicals. 
650 7 |a Communication.  |2 fast  |0 (OCoLC)fst00869952 
650 7 |a Philosophy.  |2 fast  |0 (OCoLC)fst01060777 
655 0 |a Electronic journals. 
710 2 |a Vilniaus Gedimino technikos universitetas. 
776 0 8 |i Print version:  |t Santalka. Filosofija, komunikacija  |x 2029-6320 
780 0 1 |t Santalka  |x 1822-4318  |w (DLC) 2013238655  |w (OCoLC)792973916 
856 4 0 |z Full text available from Research Library: 01/01/2006 to 01/31/2017  |u https://search.proquest.com/publication/686357